000 00480cam a22002051 4500
001 sa 68000271
003 DLC
005 20260227112422.0
008 891004s1963 np 000 0 newo
010 _asa 68000271
035 _a(OCoLC)20441218
040 _aDLC
_cWaU
_dDLC
042 _apremarc
050 0 0 _aPL3801.N59
_bI714
100 0 _aIshwara Nanda,
_d1928-
245 1 0 _aKhvāum̐ hi.
260 _c[1963 or 4]
300 _a178 p.
_c19 cm.
500 _aIn Newari.
999 _c77082
_d77082